Ako riešiť rizikovosť poľnohospodárskej výroby

Bibliographic Details
Main Authors: Chrastinová, Zuzana (Author), Šulák, Imrich (Author)
Format: Article
Language:Slovak
Subjects:

MARC

LEADER 00000nab a2200000 a 4500
001 vtls000775291
003 SK-MaSNL
005 20260302154211.0
008 180206c2001 xo 0 slo
015 |a SNBRB2001/11-34240 
035 |a CLN000127078 
040 |a SNKBUCL  |b slo  |c SNKBUCL  |e AACR2 
041 0 |a slo 
044 |a xo  |c SK 
080 |a 368.5(437.6)  |2 UDC-MRF-SK2 
080 |a 631.15(437.6):368.5  |2 UDC-MRF-SK2 
100 1 |a Chrastinová, Zuzana  |4 aut  |9 8799 
245 1 0 |a Ako riešiť rizikovosť poľnohospodárskej výroby  |c Zuzana Chrastinová, Imrich Šulák 
300 |b Graf, tab. 
650 0 7 |a poistenie poľnohospodárske  |z Slovensko  |2 snkbucl  |9 845785 
650 0 7 |a výroba poľnohospodárska  |x rizikovosť  |x poistenie  |2 snkbucl  |9 850512 
655 7 |a články z novín a časopisov  |2 snkbucl  |9 267496 
700 1 |a Šulák, Imrich  |4 aut  |9 850513 
773 0 |t Roľnícke noviny  |g Č. 192 (4.10.2001) 
773 0 |t [Príl.] Agrárne ozveny  |g S. 1 a 6 
850 |a Slovenská národná knižnica v Martine 
852 |a SNK  |b KIS3GCP 
958 |a RBX 
999 |c 1367775  |d 1369705